| 000 | 01383nam0a2200337 4500 | ||
|---|---|---|---|
| 001 | RU\NLR\bibl\1256120 | ||
| 005 | 20260407063231.0 | ||
| 010 |
_a978-5-699-01141-4 _94100 |
||
| 021 |
_aRU _b2008-43584 _92411 |
||
| 035 | _a(NLR Aleph) 001242154 | ||
| 090 |
_a265765 _c265765 |
||
| 100 | _a20080725d2007 |||y0rusy50 ca | ||
| 101 | 0 | _arus | |
| 102 | _aRU | ||
| 105 | _aa ||||||||| | ||
| 200 | 1 |
_aМысли и изречения древних с указанием источника _eдревние греки, древние римляне, Библия, учителя Церкви, мудрецы Талмуда _fК.В. Душенко |
|
| 205 | _aИзд. 3-е, испр. | ||
| 210 |
_aМосква _cЭксмо _d2007 |
||
| 215 |
_a799 с. _cил. _d21 |
||
| 300 | _aНа обл. авт. не указан | ||
| 320 | _aБиблиогр.: с. 786-795 (190 назв.) | ||
| 320 | _aУказ. имен и сведений об авт., указ. мыслей и изречений: с. 650-785 | ||
| 606 | 1 |
_aФилософия _jАфоризмы _9900139 _3RU\NLR\auth\666996 |
|
| 686 | _aЮ0я48 | ||
| 700 | 1 |
_4070 _8rus _7ca _aДушенко _bК.В. _f1946- _gКонстантин Васильевич _3RU\NLR\auth\7713457 _9123147 |
|
| 801 | 0 |
_aRU _bNLR _c20080725 _gRCR |
|
| 801 | 1 |
_aRU _bNLR _c20080725 |
|
| 942 | _cBOOK | ||
| 980 | _aNB | ||